000 00775nam a22001817a 4500
005 20241119133250.0
008 230713b ||||| |||| 00| 0 eng d
040 _cSSBUL
_dSSBUL
082 _223
_a၂၉၄.၃၆၃ စန် ၁၆၀၁၂ (S-SAT)
100 _aစန္ဒန၊
_c(ဘားအံ)။
_927943
245 _aကုသိနာရာ /
_cစန္ဒန(ဘားအံ)။
260 _aရန်ကုန်၊
_bပညာ့ဗိမ္မာန်ပုံနှိပ်တိုက်၊
_c၁၉၈၈။
300 _a၃၃၆ စာမျက်နှာ၊
_c၁၈ စင်တီ။
500 _aS-SAT: Dr. Sai Aung Tun
650 _aဗုဒ္ဓဝင်။
_97377
650 _aကုသိနာရုံ။
_927944
942 _2ddc
_cBK1
999 _c27172
_d27172